000 00554cam a2200169u 4500
082 _a940.54
_bINO
100 1 _aInoguchi, Rikihei. [from old catalog]
_948966
245 1 4 _aThe divine wind;
260 _aAnnapolis,
_bUnited States Naval Institue
_c[1958]
300 _a224p.
_billus.
_c24 cm.
526 _a0
_b0
_c0
_d940_540000000000000_INO
650 0 _aKamikaze pilots
_948967
650 0 _aMCE
_9379
650 0 _aWorld War, 1939-1945
_xAerial operations, Japanese.
_948915
700 1 _aNakajima, Tadashi, [from old catalog]
_948968
942 _2ddc
_cBK
999 _c551809
_d551809